La trama del desarrollo: hacia una noción desarrollada de desarrollo /

Sparad:
Bibliografiska uppgifter
Huvudupphovsman: Carvajal Villaplana, Alvaro
Materialtyp: Text
Taggar: Lägg till en tagg
Inga taggar, Lägg till första taggen!

MARC

LEADER 00000 a a2200000 04500
001 47648
003
040
100 |a Carvajal Villaplana, Alvaro  
245 |a La trama del desarrollo:   |b hacia una noción desarrollada de desarrollo /  |c Alvaro Carvajal Villaplana  
773 |g volumen45, número115, (2007), páginas 41-56  
999 |c 24564  |d 24564